Sports Quiz

Random Sports or Football Quiz

NFL Super Bowl Winning QBs Quiz Stats

 Plays Quiz Updated Feb 7, 2021

Support Sporcle.
Go Orange.
Score 0/55 Timer 06:00
2 Plays Today
Super Bowl Quarterback % Correct
XXXVITom Brady
98.2%
XXXVIIITom Brady
98.2%
XXXIXTom Brady
98.2%
XLIXTom Brady
98.1%
XLIIEli Manning
98.1%
XLIPeyton Manning
98%
LITom Brady
97.9%
XLVIEli Manning
97.8%
LVTom Brady
97.8%
LIIITom Brady
97.7%
50Peyton Manning
97.1%
XVIJoe Montana
93.9%
XIXJoe Montana
93.9%
XXIIIJoe Montana
93.9%
XXIVJoe Montana
93.9%
XLVIIIRussell Wilson
93.3%
XXXIIJohn Elway
92.7%
XXXIIIJohn Elway
92.7%
XLVIIJoe Flacco
92.4%
LIVPatrick Mahomes
92.1%
XXXIBrett Favre
91.9%
XXVIITroy Aikman
89.7%
XXVIIITroy Aikman
89.7%
XXXTroy Aikman
89.7%
XXIXSteve Young
89.3%
XXXIVKurt Warner
88.2%
LIINick Foles
88.2%
XLBen Roethlisberger
88.1%
Super Bowl Quarterback % Correct
XLIIIBen Roethlisberger
88.1%
IXTerry Bradshaw
85.6%
XTerry Bradshaw
85.6%
XIIITerry Bradshaw
85.6%
XIVTerry Bradshaw
85.6%
IBart Starr
83.5%
IIBart Starr
83.5%
IIIJoe Namath
82.9%
XLIVDrew Brees
78.2%
VJohnny Unitas
72.8%
XXIPhil Simms
72.1%
VIRoger Staubach
71.4%
XIIRoger Staubach
71.4%
XXXVTrent Dilfer
68.4%
XLVAaron Rodgers
67.6%
XXXVIIBrad Johnson
63.2%
XXJim McMahon
62.4%
VIIBob Griese
59%
VIIBob Griese
59%
XXIIDoug Williams
56.2%
XVIIJoe Theismann
51%
XIKen Stabler
50.7%
IVLen Dawson
47.1%
XVJim Plunkett
45.5%
XVIIIJim Plunkett
45.5%
XXVIMark Rypien
43.6%
XXVJeff Hostetler
40%

From the Vault

Click a Movie, Initially - Golden Globe Winners

by B_Awesome_87

Movies 5m
No need to over-complicate these movie titles.
Remove Ads.
Support Sporcle.
Get the best of Sporcle when you Go Orange. This ad-free experience offers more features, more stats, and more fun while also helping to support Sporcle. Thank you for becoming a member.

Show Comments

Extras

Top Quizzes Today


Score Distribution

Your Account Isn't Verified!

In order to create a playlist on Sporcle, you need to verify the email address you used during registration. Go to your Sporcle Settings to finish the process.

Report this User

Report this user for behavior that violates our Community Guidelines.

Details: